| 000 | 00366nam a2200157Ia 4500 | ||
|---|---|---|---|
| 100 | _aBhanot/Surekha | ||
| 942 | _cBK | ||
| 366 | _f20 | ||
| 654 | _aprocess control | ||
| 245 | _aProcess control:Principles and applications | ||
| 260 |
_bOxford university press _c2008 |
||
| 082 |
_a660.281 _bBHA |
||
| 300 | _a452 | ||
| 546 |
_aENGLISH _cInfo.Tech |
||
| 999 |
_c27948 _d27948 |
||